La Galicia decimonónica en las comedias bárbaras de Valle Inclán / (Record no. 121602)

MARC details
000 -LEADER
campo de control de longitud fija 00587nam a2200181 4500
001 - NÚMERO DE CONTROL
campo de control 121602
003 - IDENTIFICADOR DE NÚMERO DE CONTROL
campo de control ES-MaACL
007 - CAMPO FIJO DE DESCRIPCIÓN FÍSICA--INFORMACIÓN GENERAL
campo de control de longitud fija t|
008 - DATOS DE LONGITUD FIJA--INFORMACIÓN GENERAL
campo de control de longitud fija 070214s1983 sp r ||||1| spa d
100 1# - ENTRADA PRINCIPAL--NOMBRE DE PERSONA
Nombre de persona Porrúa, María del Carmen.
9 (RLIN) 93169
245 13 - MENCIÓN DEL TÍTULO
Título La Galicia decimonónica en las comedias bárbaras de Valle Inclán /
Mención de responsabilidad, etc. María del Carmen Porrúa.
260 ## - PUBLICACIÓN, DISTRIBUCIÓN, ETC.
Lugar de publicación, distribución, etc. A Coruña :
Nombre del editor, distribuidor, etc. Ediciós do Castro,
Fecha de publicación, distribución, etc. 1983.
300 ## - DESCRIPCIÓN FÍSICA
Extensión 288 p. ;
Dimensiones 17 cm.
490 1# - MENCIÓN DE SERIE
Mención de serie Serie liminar. Filoloxía
830 0# - PUNTO DE ACCESO ADICIONAL DE SERIE-TÍTULO UNIFORME
Título uniforme Serie liminar. Filoloxía
9 (RLIN) 176443
852 ## - LOCALIZACIÓN
Ubicación ES-MaACL
Número de control de estantería L-5406
Sublocalización o colección R.105719
Holdings
Estatus retirado Estado de pérdida Estado de daño No para préstamo Biblioteca de origen Biblioteca actual Ubicación en estantería Fecha de adquisición Fuente de adquisición Total de préstamos Signatura topográfica completa Código de barras Visto por última vez Precio de reemplazo Tipo de ítem Koha
        Biblioteca del Ateneo de Madrid Biblioteca del Ateneo de Madrid Depósito 2 17/01/2008     L-5406 1126725 23/02/2023 23/02/2023 Libro impreso